Score 0/20 Timer 04:00
0 Plays Today
Mixed Word Restaurant Chain % Correct
CAJK NI HET OXBJack in the Box
95.5%
RDE IORBNRed Robin
95.1%
KEYNUCTK DRIEF NCEHKCIKentucky Fried Chicken
95.1%
KCHCI-ILF-AChick-fil-A
93.9%
EAKST N EKHASSteak n' Shake
91.1%
SNOICSonic
87.8%
ADANP PEESSRXPanda Express
86.9%
HIPOIHOP
86.3%
FOABFUL WDLI ISNGWBuffalo Wild Wings
81.4%
DLOC TOSNE ECRARYEMCold Stone Creamery
80.5%
Mixed Word Restaurant Chain % Correct
OBB SVENABob Evans
78%
EYNSNDDenny's
71.2%
UOAMFS VSDEAFamous Dave's
60.1%
OABQDQdoba
53.1%
ABCSTRSUKStarbucks
51%
KTBUOCA SKEEOAHUTSOutback Steakhouse
46.8%
LBSEPEAEPApplebee's
46.3%
EAPRANPanera
33.9%
EHRDSEAHardee's
30.3%
YKLTSRAKrystal
5.7%
Remove Ads.
Support Sporcle.
Get the best of Sporcle when you Go Orange. This ad-free experience offers more features, more stats, and more fun while also helping to support Sporcle. Thank you for becoming a member.

You're not logged in!

Compare scores with friends on all Sporcle quizzes.
OR
Log In

Show Comments

Extras

Top Quizzes Today


Score Distribution

Your Account Isn't Verified!

In order to create a playlist on Sporcle, you need to verify the email address you used during registration. Go to your Sporcle Settings to finish the process.

Report this User

Report this user for behavior that violates our Community Guidelines.

Details: